Countries by their armor (1) - Statistics

General Stats
  • This quiz has been taken 12 times
  • The average score is 13 of 16
Answer Stats
Picture Answer % Correct
China
100%
France
100%
Italy
100%
Japan
100%
Poland
100%
United Kingdom
100%
Germany
90%
Greece
90%
Spain
90%
Mongolia
80%
Ireland
70%
Portugal
70%
Russia
70%
South Korea
60%
United States
60%
Vikings
10%
No matching quizzes found
Score Distribution
Percent of People with Each Score
Percentile by Number Answered
Your Score History
You have not taken this quiz